1741 1462 1491 1874 1384 1410 1849 1032 1611 1853 1890 1024 1201 1101 1943 1375 1557 1146 1770 1486 1363 1930 1679 1644 1777 1336 1015 1668 1148 1734 1041 1774 1945 1645 1939 1869 1027 1514 1760 1995 1655 1202 1692 1888 1639 1931 1730 1277 1624 1389 1054 1865 1055 1787 1537 1351 1113 1863 1424 1646 1370 1742 1281 1775 1943 1468 1421 1077 1711 1291 1647 1440 1195 1566 1052 1682 1789 1523 1443 1976 1462 1382 1775 1360 1325 1735 1293 1732 1477 1107 1510 1953 1212 1369 1773 1041 1787 1117 1884 BCNSPRNW ULIB Ver.6.0+V

เปลี่ยนเป็นภาษาไทย

Change to English
 แสดงรายละเอียดบรรณานุกรม
  กลับหน้าหลัก

Brief Record : Get Marc (ISO 2709) : E-mail record : QR code < ปิดหน้าต่าง
LEADER : 00000nam 2200000uu 4500
001    13399126979
003     ULIB
008    190923s2562||||th 000 0 tha d
020    ^a9786163142658
060    ^aWT100^bพ993ก
100    ^aไพลวรรณ สัทธานนท์
245    ^aกายภาพบำบัดในผู้สูงอายุ (Physical Therapy for Older People)
250    ^aพิมพ์ครั้งที่ 1
260    ^aปทุมธานี :^bมหาวิทยาลัยธรรมศาสตร์,^c2562
300    ^a97 หน้า^bภาพประกอบ, ตาราง, ภาคผนวก
650    ^aผู้สูงอายุ^xสุขภาพและอนามัย
650    ^aกายภาพบำบัด
945    ^p65^l0^i006058
945    ^p65^l0^i006059
945    ^p65^l0^i006057
945    ^p65^l0^i006053
945    ^p65^l0^i006062
945    ^p65^l0^i006061
945    ^p65^l0^i006055
945    ^p65^l0^i006056
945    ^p65^l0^i006054
945    ^p65^l0^i006060
999    ^aประนอม เกษจรัล
รายการนี้ยังไม่มีแท็ก
คุณยังไม่ได้ล็อกอิน คุณสามารถมีกิจกรรมร่วมกับเว็บไซต์ได้ แต่ต้องล็อกอินก่อน ::
  ล็อกอิน

รายการสื่อสารสนเทศ

ลำดับที่ ประเภท เลขเรียก/บาร์โค้ด สถานที่ สถานะ
1. วิทยาศาสตร์การแพทย์ และสุขภาพ
หนังสือสำรอง
สถานะ=หนังสือสำรอง
WT100 พ993ก ฉ.1 
  Barcode: 006053
ห้องสมุดวิทยาเขตสวรรค์ประชารักษ์
►หนังสือทั่วไป
บนชั้น
2. วิทยาศาสตร์การแพทย์ และสุขภาพ
วิทยาศาสตร์การแพทย์ และสุขภาพ
WT100 พ993ก ฉ.10 
  Barcode: 006062
ห้องสมุดวิทยาเขตสวรรค์ประชารักษ์
►หนังสือทั่วไป
บนชั้น
3. วิทยาศาสตร์การแพทย์ และสุขภาพ
วิทยาศาสตร์การแพทย์ และสุขภาพ
WT100 พ993ก ฉ.2 
  Barcode: 006054
ห้องสมุดวิทยาเขตสวรรค์ประชารักษ์
►หนังสือทั่วไป
บนชั้น
4. วิทยาศาสตร์การแพทย์ และสุขภาพ
วิทยาศาสตร์การแพทย์ และสุขภาพ
WT100 พ993ก ฉ.3 
  Barcode: 006055
ห้องสมุดวิทยาเขตสวรรค์ประชารักษ์
►หนังสือทั่วไป
บนชั้น
5. วิทยาศาสตร์การแพทย์ และสุขภาพ
วิทยาศาสตร์การแพทย์ และสุขภาพ
WT100 พ993ก ฉ.4 
  Barcode: 006056
ห้องสมุดวิทยาเขตสวรรค์ประชารักษ์
►หนังสือทั่วไป
บนชั้น
6. วิทยาศาสตร์การแพทย์ และสุขภาพ
วิทยาศาสตร์การแพทย์ และสุขภาพ
WT100 พ993ก ฉ.5 
  Barcode: 006057
ห้องสมุดวิทยาเขตสวรรค์ประชารักษ์
►หนังสือทั่วไป
บนชั้น
7. วิทยาศาสตร์การแพทย์ และสุขภาพ
วิทยาศาสตร์การแพทย์ และสุขภาพ
WT100 พ993ก ฉ.6 
  Barcode: 006058
ห้องสมุดวิทยาเขตสวรรค์ประชารักษ์
►หนังสือทั่วไป
บนชั้น
8. วิทยาศาสตร์การแพทย์ และสุขภาพ
วิทยาศาสตร์การแพทย์ และสุขภาพ
WT100 พ993ก ฉ.7 
  Barcode: 006059
ห้องสมุดวิทยาเขตสวรรค์ประชารักษ์
►หนังสือทั่วไป
บนชั้น
9. วิทยาศาสตร์การแพทย์ และสุขภาพ
วิทยาศาสตร์การแพทย์ และสุขภาพ
WT100 พ993ก ฉ.8 
  Barcode: 006060
ห้องสมุดวิทยาเขตสวรรค์ประชารักษ์
►หนังสือทั่วไป
บนชั้น
10. วิทยาศาสตร์การแพทย์ และสุขภาพ
วิทยาศาสตร์การแพทย์ และสุขภาพ
WT100 พ993ก ฉ.9 
  Barcode: 006061
ห้องสมุดวิทยาเขตสวรรค์ประชารักษ์
►หนังสือทั่วไป
บนชั้น

รายการใกล้เคียง
    ชื่อเรื่อง [กายภาพบำบัดในผู้สูงอายุ (Physical Therapy for Older People)]

    ผู้แต่ง [ไพลวรรณ สัทธานนท์]

    หัวเรื่อง [กายภาพบำบัด]

BibComment


ยังไม่เคยถูกคอมเมนท์

คอมเมนท์ทรัพยากรรายการนี้
  คอมเมนท์: กายภาพบำบัดในผู้..


 Copyright 2026. Bcnsprnw @Library